| 000 | 00981nam a22002897a 4500 | ||
|---|---|---|---|
| 003 | OSt | ||
| 005 | 20211126020254.0 | ||
| 008 | 170211b xxu||||| |||| 00| 0 eng d | ||
| 010 | _a 2004007466 | ||
| 020 | _a0131512625 (alk. paper) | ||
| 040 |
_aMMU _cMMU _dMMU _beng. |
||
| 050 | 0 | 0 |
_aRT50.5 _b.H43 2005 |
| 100 | 1 | _aHebda, Toni. | |
| 245 | 1 | 0 |
_aHandbook of informatics for nurses and health care professionals / _cToni Hebda, Patricia Czar, Cynthia Mascara. |
| 250 | _a3rd ed. | ||
| 260 |
_aUpper Saddle River, N.J. : _bPearson Prentice Hall, _cc2005. |
||
| 300 |
_axxv, 464 p. : _bill. ; _c23 cm. |
||
| 500 | _aIncludes bibliographical references and index. | ||
| 650 | 0 |
_aNursing informatics _vHandbooks, manuals, etc. |
|
| 650 | 0 |
_aMedical informatics _vHandbooks, manuals, etc. |
|
| 650 | 1 | 2 | _aMedical Informatics. |
| 650 | 1 | 2 | _aNursing. |
| 650 | 2 | 2 | _aAllied Health Personnel. |
| 700 | 1 | _aCzar, Patricia. | |
| 700 | 1 | _aMascara, Cynthia. | |
| 942 |
_2lcc _cLOAN LOAN |
||
| 999 |
_c22626 _d22626 |
||